ՀՀ Գիտությունների ազգային ակադեմիայի հիմնարար գիտական գրադարան  =   Fundamental Scientific Library of NAS RA

Մանկական աղիքային հիվանդությունները և պայքարը նրանց դեմ / (Record no. 221270)

MARC details
000 -LEADER
fixed length control field 00842nam a2200193 u 4500
001 - CONTROL NUMBER
control field 000564600
003 - CONTROL NUMBER IDENTIFIER
control field AM-YeHGA
005 - DATE AND TIME OF LATEST TRANSACTION
control field 20250618073305.0
008 - FIXED-LENGTH DATA ELEMENTS--GENERAL INFORMATION
fixed length control field 080124s1952 ai | |||||||||||||arm|d
040 ## - CATALOGING SOURCE
Original cataloging agency AM-YeHGA
041 0# - LANGUAGE CODE
Language code of text/sound track or separate title arm
090 ## - LOCALLY ASSIGNED LC-TYPE CALL NUMBER (OCLC); LOCAL CALL NUMBER (RLIN)
-- 222802
245 10 - TITLE STATEMENT
Title Մանկական աղիքային հիվանդությունները և պայքարը նրանց դեմ /
Statement of responsibility, etc. Ս.Գ. Սլկունի; ՀՍՍՌ առողջապահ. մին., Սան. լուս. բաժին.
260 ## - PUBLICATION, DISTRIBUTION, ETC.
Place of publication, distribution, etc. Երևան :
Name of publisher, distributor, etc. Պետհրատ,
Date of publication, distribution, etc. 1952.
300 ## - PHYSICAL DESCRIPTION
Extent 34 էջ ;
Dimensions 14 սմ.
650 14 - SUBJECT ADDED ENTRY--TOPICAL TERM
Topical term or geographic name entry element Աղիքային հիվանդություններ
650 14 - SUBJECT ADDED ENTRY--TOPICAL TERM
Topical term or geographic name entry element Մանկական հիվանդություններ
9 (RLIN) 5765
710 2# - ADDED ENTRY--CORPORATE NAME
Corporate name or jurisdiction name as entry element Առողջապահության մինիստրություն ՀՍՍՌ.
Subordinate unit Սանիտարական լուսավորության բաժին
Holdings
Withdrawn status Lost status Damaged status Not for loan Collection Home library Current library Date acquired Cost, normal purchase price Total checkouts Full call number Barcode Date last seen Price effective from Koha item type Public note
        General Fundamental Scientific Library Fundamental Scientific Library 28/12/2016 20.00   AI/3557 FL0038032 28/12/2016 28/12/2016 Գրքեր / Books 30 Days Loan


ՀՀ ԳԱԱ հիմնարար գիտական գրադարան
ՀՀ,Երևան 0019
Մարշալ Բաղրամյան 24/6
հեռախոս:(374-10) 52-47-50
Հետադարձ կապ

All site content, except where otherwise noted, is licensed under a
Creative Commons License